Statystyki dla Państwa Europy

Kliknij tutaj aby rozwiązać quiz!

Ogólne statystyki

  • Ten quiz został rozwiązany 16 razy
  • Średni wynik to 36 z 45

Statystyki odpowiedzi

państwa% Poprawnych
Francja
100%
Hiszpania
100%
Niemcy
100%
Rosja
100%
Ukraina
100%
Włochy
100%
Białoruś
93%
Czechy
93%
Estonia
93%
Islandia
93%
Polska
93%
Słowacja
93%
Austria
86%
Chorwacja
86%
Finlandia
86%
Litwa
86%
Łotwa
86%
Norwegia
86%
Portugalia
86%
Słowenia
86%
Wielka Brytania
86%
Albania
79%
Belgia
79%
Bułgaria
79%
Grecja
79%
Holandia
79%
Irlandia
79%
Rumunia
79%
San Marino
79%
Szwajcaria
79%
Watykan
79%
Węgry
79%
Kosowo
71%
Liechtenstein
71%
Serbia
71%
Szwecja
71%
Andora
64%
Bośnia i Hercegowina
64%
Dania
64%
Macedonia Północna
64%
Mołdawia
64%
Monako
64%
Czarnogóra
57%
Luksemburg
57%
Malta
57%

Rozkład punktacji

Percentyl według liczby udzielonych odpowiedzi

Procent ludzi z każdym wynikiem

Twoja historia wyników

Nie rozwiązałeś tego quizu